| 000 | 00932nam a22002417a 4500 | ||
|---|---|---|---|
| 999 |
_c17785 _d17757 |
||
| 003 | EG-ScBUE | ||
| 005 | 20210124095547.0 | ||
| 008 | 131205s2013 xx f 000 1 ara d | ||
| 017 | _a2013/8439 | ||
| 040 |
_aEG-ScBUE _bara _erda _cEG-ScBUE _dEG-ScBUE |
||
| 082 | 0 | 4 |
_a892.736 _bش ع ي _222 |
| 100 | 1 |
_aشعير، محمد، _eمؤلف. _934543 |
|
| 245 | 1 | 0 |
_aهدير الصمت : _bثورة يناير : رواية صحيفة من داخل جريدة الأهرام / _cمحمد شعير. |
| 264 | 1 |
_a[مكان النشر غير معرف] : _b[الناشر غير معرف]، _c2013. |
|
| 300 |
_a432 صفحة ؛ _c23 سم |
||
| 336 |
_2rdacontent _aنص _btxt |
||
| 337 |
_2rdamedia _aبدون وسيط _bn |
||
| 338 |
_2rdacarrier _aمجلد _bnc |
||
| 650 | 7 |
_aالقصص العربية _zمصر _yقرن 21. _2BUEsh _934544 |
|
| 653 |
_cDecember2013 _bARALIT |
||
| 655 |
_vReading book _934232 |
||
| 942 |
_2ddc _cBB _k813.03 ش ع ي |
||